000 00559nam a2200169Ia 4500
005 20260121165315.0
008 260121s9999 xx 000 0 und d
020 _a978-81-948674-2-5
041 _amar
082 _a920.72
100 _aरावल - सिन्हा, मनोशी
_9216410
245 _aमहिला क्रंतिकारकांच्या कथा
250 _a1
260 _bभारतीय विचार साधना पुणे
_c2020
300 _a80
650 _aमराठी साहित्य
999 _c370018
_d370018